Quick Pick: The 'More' The Merrier Quiz Stats

Quiz Updated Aug 4, 2016

Challenge
Share
Tweet
Embed
Score 0/12 Timer 01:00
3 Plays Today
% Correct
Barrymore
96.8%
sophomore
93.2%
Mt. Rushmore
89.8%
Gilmore
88.6%
Baltimore
86.9%
s'more
83.8%
sycamore
83.4%
Fillmore
78.9%
That's Amore
73.6%
Nevermore
66.7%
Fenimore
57.8%
Macklemore
55.1%

Today's Daily Dose

Word Ladder
Martha's Island?

On This Day
August 23rd

You're not logged in!

Compare scores with friends on all Sporcle quizzes.
Sign Up with Email
OR
Log In

You Might Also Like...

Show Comments

Extras

Top Quizzes Today


Score Distribution

Your Account Isn't Verified!

In order to create a playlist on Sporcle, you need to verify the email address you used during registration. Go to your Sporcle Settings to finish the process.